[Event "Split Open 2016"]
[Site "Split CRO"]
[Date "2016.08.18"]
[Round "7.21"]
[White "Grinblat, Artemiy"]
[Black "Maar, Samuel"]
[Result "1/2-1/2"]
[WhiteElo "2176"]
[BlackElo "1998"]
[PlyCount "71"]
[EventDate "2016.08.13"]
[EventType "swiss"]
[EventRounds "9"]
[EventCountry "CRO"]
[SourceTitle "Ajedrez en Madrid"]
[Source "lmi"]
[SourceDate "2016.08.13"]
[SourceVersion "1"]
[SourceVersionDate "2018.03.10"]
[SourceQuality "1"]

1. e4 d6 2. d4 Nf6 3. Nc3 e5 4. dxe5 dxe5 5. Qxd8+ Kxd8 6. Bg5 Be6 7. O-O-O+
Nbd7 8. f4 exf4 9. Nf3 Kc8 10. Bxf4 h6 11. h3 Bc5 12. Nd4 Re8 13. Nxe6 fxe6 14.
Bc4 e5 15. Bh2 Bd4 16. Bf7 Re7 17. Bg6 Bxc3 18. bxc3 b6 19. Bf5 Kb7 20. Bxd7
Nxd7 21. Rhf1 Nc5 22. Rde1 Rae8 23. Rf5 g6 24. Rf6 Re6 25. Rf3 Na4 26. Rd1 Rc6
27. Rdd3 Rc4 28. Rf6 Rxe4 29. Rxg6 Rf8 30. Rf3 Rxf3 31. gxf3 Re2 32. Bg3 Rg2
33. Rg7 Rg1+ 34. Kd2 Rg2+ 35. Kc1 Rg1+ 36. Kd2 1/2-1/2

[Event "Split Open 2016"]
[Site "Split CRO"]
[Date "2016.08.18"]
[Round "7.26"]
[White "Šaric, Ante"]
[Black "Glavicic, Tino"]
[Result "1-0"]
[WhiteElo "2562"]
[BlackElo "2049"]
[PlyCount "25"]
[EventDate "2016.08.13"]
[EventType "swiss"]
[EventRounds "9"]
[EventCountry "CRO"]
[SourceTitle "Ajedrez en Madrid"]
[Source "lmi"]
[SourceDate "2016.08.13"]
[SourceVersion "1"]
[SourceVersionDate "2018.03.10"]
[SourceQuality "1"]

1. Nf3 Nc6 2. d4 d5 3. e3 a6 4. c4 Nf6 5. cxd5 Qxd5 6. Nc3 Qd6 7. Be2 Bf5 8. d5
Nb4 9. Nd4 Bg6 10. Qa4+ Nd7 11. e4 O-O-O 12. a3 e5 13. Nf3 1-0

[Event "Split Open 2016"]
[Site "Split CRO"]
[Date "2016.08.19"]
[Round "8.3"]
[White "Rodi, Luis Ernesto"]
[Black "Kozul, Zdenko"]
[Result "0-1"]
[WhiteElo "2344"]
[BlackElo "2619"]
[PlyCount "80"]
[EventDate "2016.08.13"]
[EventType "swiss"]
[EventRounds "9"]
[EventCountry "CRO"]
[SourceTitle "Ajedrez en Madrid"]
[Source "lmi"]
[SourceDate "2016.08.13"]
[SourceVersion "1"]
[SourceVersionDate "2018.03.10"]
[SourceQuality "1"]

1. e4 c5 2. Nf3 d6 3. Bb5+ Bd7 4. Bxd7+ Nxd7 5. O-O Ngf6 6. Qe2 Rc8 7. c3 Qc7
8. d4 e6 9. d5 e5 10. c4 Be7 11. Nc3 O-O 12. Nh4 g6 13. g3 a6 14. Bh6 Rfe8 15.
f4 exf4 16. Rxf4 Nh5 17. Rf5 Ng7 18. Rf2 Ne5 19. Ng2 Bd8 20. Ne3 Qd7 21. Raf1
Rc7 22. Bf4 h5 23. Bxe5 Rxe5 24. Rxf7 Qxf7 25. Rxf7 Rxf7 26. Kg2 Ba5 27. Qc2
Bxc3 28. bxc3 Rfe7 29. Kf3 Ne8 30. Nf1 Nf6 31. Nd2 g5 32. h3 g4+ 33. hxg4 hxg4+
34. Ke3 Kf7 35. Kf4 Kg6 36. Qb1 b5 37. cxb5 axb5 38. Qc2 c4 39. a3 Kh5 40. Qb1
Nxd5+ 0-1

[Event "Split Open 2016"]
[Site "Split CRO"]
[Date "2016.08.19"]
[Round "8.5"]
[White "Biliškov, Vjekoslav"]
[Black "Šale, Srdan"]
[Result "0-1"]
[WhiteElo "2281"]
[BlackElo "2420"]
[PlyCount "89"]
[EventDate "2016.08.13"]
[EventType "swiss"]
[EventRounds "9"]
[EventCountry "CRO"]
[SourceTitle "Ajedrez en Madrid"]
[Source "lmi"]
[SourceDate "2016.08.13"]
[SourceVersion "1"]
[SourceVersionDate "2018.03.10"]
[SourceQuality "1"]

1. d4 d6 2. e4 g6 3. Nc3 Bg7 4. Nf3 a6 5. a4 b6 6. g3 Bb7 7. Bg2 Nd7 8. O-O e6
9. Qe2 Ne7 10. Be3 O-O 11. Rad1 Re8 12. h4 b5 13. axb5 axb5 14. Nxb5 Bxe4 15.
c4 Qb8 16. Nc3 Bc6 17. h5 Qb7 18. hxg6 hxg6 19. Rd2 Nf6 20. d5 exd5 21. Nd4 Bd7
22. Qd1 Ne4 23. Nxe4 dxe4 24. Qc2 Nf5 25. Nxf5 Bxf5 26. Rb1 Ra2 27. c5 d5 28.
c6 Qb5 29. Bf1 Qa5 30. Qd1 Be6 31. b4 Qa3 32. b5 Be5 33. b6 cxb6 34. Rxa2 Qxa2
35. Rxb6 Qa5 36. Bd4 Bxd4 37. Qxd4 Qe1 38. Ra6 Qc1 39. Qa1 Qxa1 40. Rxa1 Rc8
41. Rc1 Rc7 42. Bb5 Kf8 43. Kf1 Ke7 44. Ke2 d4 45. Rd1 0-1

[Event "Split Open 2016"]
[Site "Split CRO"]
[Date "2016.08.19"]
[Round "8.6"]
[White "Makovec, Bruno"]
[Black "Plenca, Julijan"]
[Result "0-1"]
[WhiteElo "2281"]
[BlackElo "2410"]
[PlyCount "90"]
[EventDate "2016.08.13"]
[EventType "swiss"]
[EventRounds "9"]
[EventCountry "CRO"]
[SourceTitle "Ajedrez en Madrid"]
[Source "lmi"]
[SourceDate "2016.08.13"]
[SourceVersion "1"]
[SourceVersionDate "2018.03.10"]
[SourceQuality "1"]

1. d4 Nf6 2. Nf3 g6 3. c4 Bg7 4. g3 d5 5. cxd5 Nxd5 6. Bg2 Nb6 7. O-O Nc6 8. e3
e5 9. Nxe5 Nxe5 10. dxe5 Qxd1 11. Rxd1 Bxe5 12. Nc3 O-O 13. e4 Bg4 14. f3 Be6
15. f4 Bxc3 16. bxc3 Rfd8 17. Be3 Rxd1+ 18. Rxd1 Bxa2 19. Ra1 Be6 20. e5 a5 21.
Bxb7 Rb8 22. Ba6 Ra8 23. Bb7 Rd8 24. Bd4 Nc4 25. Ba6 Nd2 26. Rxa5 Ra8 27. Ra4
Nf3+ 28. Kf2 Nxd4 29. cxd4 Bd7 30. Ra5 Bc8 31. Rc5 Rxa6 32. Rxc7 Be6 33. Rc5
Ra2+ 34. Ke3 Rxh2 35. d5 Bg4 36. Rc7 Rg2 37. e6 Rxg3+ 38. Ke4 Bf5+ 39. Ke5 Re3+
40. Kf6 Bxe6 41. Re7 h5 42. f5 Rf3 43. Re8+ Kh7 44. dxe6 Rxf5+ 45. Ke7 fxe6 0-1

[Event "Split Open 2016"]
[Site "Split CRO"]
[Date "2016.08.19"]
[Round "8.7"]
[White "Plenkovic, Zdenko"]
[Black "Jaracz, Barbara"]
[Result "1-0"]
[WhiteElo "2409"]
[BlackElo "2248"]
[PlyCount "69"]
[EventDate "2016.08.13"]
[EventType "swiss"]
[EventRounds "9"]
[EventCountry "CRO"]
[SourceTitle "Ajedrez en Madrid"]
[Source "lmi"]
[SourceDate "2016.08.13"]
[SourceVersion "1"]
[SourceVersionDate "2018.03.10"]
[SourceQuality "1"]

1. g3 d5 2. Bg2 Nf6 3. d3 e5 4. c4 Nc6 5. cxd5 Nxd5 6. Nc3 Be6 7. Nf3 Be7 8.
O-O O-O 9. Bd2 Nb6 10. Re1 f6 11. Ne4 Qd7 12. Qc2 Nd4 13. Nxd4 exd4 14. Nc5
Bxc5 15. Qxc5 c6 16. a4 Nc8 17. a5 a6 18. Ra4 Rd8 19. Rb4 Na7 20. e3 dxe3 21.
Rxe3 Nb5 22. Rbe4 Bd5 23. Re7 Qg4 24. Rxb7 Bxg2 25. Kxg2 Nd6 26. Rb4 Qd7 27.
Rd4 Qc7 28. Re6 Nb7 29. Qc4 Qf7 30. Rxc6 Qxc4 31. Rcxc4 Nd6 32. Rc6 Nb5 33.
Rxd8+ Rxd8 34. Rxa6 Rxd3 35. Rb6 1-0

[Event "Split Open 2016"]
[Site "Split CRO"]
[Date "2016.08.19"]
[Round "8.8"]
[White "Parligras, Cosmin"]
[Black "Von Bahr, Oskar"]
[Result "1/2-1/2"]
[WhiteElo "2260"]
[BlackElo "2378"]
[PlyCount "44"]
[EventDate "2016.08.13"]
[EventType "swiss"]
[EventRounds "9"]
[EventCountry "CRO"]
[SourceTitle "Ajedrez en Madrid"]
[Source "lmi"]
[SourceDate "2016.08.13"]
[SourceVersion "1"]
[SourceVersionDate "2018.03.10"]
[SourceQuality "1"]

1. e4 e5 2. Nf3 Nc6 3. Nc3 Nf6 4. d4 exd4 5. Nxd4 Bb4 6. Nxc6 bxc6 7. Bd3 d5 8.
exd5 cxd5 9. O-O O-O 10. Bg5 c6 11. Qf3 Bd6 12. Rae1 Rb8 13. Nd1 h6 14. Bxf6
Qxf6 15. Qxf6 gxf6 16. b3 Be6 17. Ne3 Bb4 18. Re2 Rfe8 19. Nf5 Bxf5 20. Rxe8+
Rxe8 21. Bxf5 Re2 22. g3 Bc5 1/2-1/2

[Event "Split Open 2016"]
[Site "Split CRO"]
[Date "2016.08.19"]
[Round "8.9"]
[White "Thorarinsson, Pall A."]
[Black "Drnovšek, Gal"]
[Result "0-1"]
[WhiteElo "2270"]
[BlackElo "2367"]
[PlyCount "65"]
[EventDate "2016.08.13"]
[EventType "swiss"]
[EventRounds "9"]
[EventCountry "CRO"]
[SourceTitle "Ajedrez en Madrid"]
[Source "lmi"]
[SourceDate "2016.08.13"]
[SourceVersion "1"]
[SourceVersionDate "2018.03.10"]
[SourceQuality "1"]

1. d4 Nf6 2. c4 e6 3. Nc3 Bb4 4. Qc2 O-O 5. e4 d5 6. e5 Ne4 7. Bd3 c5 8. a3
Bxc3+ 9. bxc3 Nc6 10. Nf3 cxd4 11. Bxe4 dxe4 12. Qxe4 dxc3 13. Ng5 g6 14. Nf3
f5 15. exf6 Qxf6 16. Bh6 Re8 17. O-O e5 18. Rac1 Bf5 19. Qd5+ Be6 20. Qe4 Bf5
21. Qd5+ Kh8 22. Ng5 Re7 23. Rxc3 Rd7 24. Qf3 Re8 25. Re3 Nd4 26. Qg3 Bd3 27.
Rfe1 Ne2+ 28. R3xe2 Bxe2 29. Ne4 Qf5 30. Qe3 Bxc4 31. Bg5 Rf8 32. h4 h6 33.
Bxh6 0-1

[Event "Split Open 2016"]
[Site "Split CRO"]
[Date "2016.08.19"]
[Round "8.11"]
[White "Henriksson, Johan"]
[Black "Ostovic, Matija"]
[Result "1/2-1/2"]
[WhiteElo "2243"]
[BlackElo "2352"]
[PlyCount "68"]
[EventDate "2016.08.13"]
[EventType "swiss"]
[EventRounds "9"]
[EventCountry "CRO"]
[SourceTitle "Ajedrez en Madrid"]
[Source "lmi"]
[SourceDate "2016.08.13"]
[SourceVersion "1"]
[SourceVersionDate "2018.03.10"]
[SourceQuality "1"]

1. d4 g6 2. g3 Bg7 3. Bg2 Nf6 4. Nf3 c5 5. c4 cxd4 6. Nxd4 O-O 7. Nc3 Nc6 8.
O-O Qb6 9. e3 d6 10. b3 Rd8 11. Bb2 Bg4 12. Nd5 Nxd5 13. Qxg4 Ndb4 14. Nxc6
bxc6 15. Bxg7 Kxg7 16. Qe4 Qc7 17. a3 d5 18. Qd4+ e5 19. Qc3 Na6 20. cxd5 cxd5
21. Qxc7 Nxc7 22. Rac1 Ne6 23. f4 Rab8 24. h4 d4 25. fxe5 dxe3 26. Rc3 e2 27.
Re1 Rd1 28. Kf2 Nd4 29. Bf3 Rxe1 30. Kxe1 Re8 31. Rd3 Nxf3+ 32. Rxf3 Rxe5 33.
Rc3 h5 34. Rc7 a6 1/2-1/2

[Event "Split Open 2016"]
[Site "Split CRO"]
[Date "2016.08.19"]
[Round "8.12"]
[White "Muha, Miljenko"]
[Black "Armanda, Ivica"]
[Result "0-1"]
[WhiteElo "2214"]
[BlackElo "2335"]
[PlyCount "96"]
[EventDate "2016.08.13"]
[EventType "swiss"]
[EventRounds "9"]
[EventCountry "CRO"]
[SourceTitle "Ajedrez en Madrid"]
[Source "lmi"]
[SourceDate "2016.08.13"]
[SourceVersion "1"]
[SourceVersionDate "2018.03.10"]
[SourceQuality "1"]

1. d4 Nf6 2. c4 c5 3. d5 b5 4. cxb5 a6 5. bxa6 g6 6. Nc3 Bg7 7. a7 Rxa7 8. e4
O-O 9. Nf3 e6 10. Be2 exd5 11. exd5 d6 12. O-O Ba6 13. Re1 Re8 14. Bxa6 Rxe1+
15. Qxe1 Nxa6 16. Bf4 Nb4 17. Qd2 c4 18. Rd1 Qb6 19. Bg3 Ra8 20. b3 cxb3 21.
axb3 Na6 22. Nd4 Nc5 23. Nc6 Qxb3 24. Rb1 Nfe4 25. Rxb3 Nxd2 26. Rb8+ Rxb8 27.
Nxb8 Bxc3 28. Bxd6 Nde4 29. Bc7 Nb7 30. f3 Nf6 31. Nc6 Nxd5 32. Bg3 Na5 33. Ne5
Bd4+ 34. Kh1 Bxe5 35. Bxe5 Nc6 36. Bd6 f6 37. h3 Kf7 38. Kh2 Ke6 39. Ba3 h5 40.
g3 Ne5 41. Kg2 Nd3 42. Bf8 Ne7 43. h4 Nf5 44. Kh3 Nd4 45. f4 Kf5 46. Be7 Nf2+
47. Kg2 Ne4 48. Kh3 Ne2 0-1

[Event "Split Open 2016"]
[Site "Split CRO"]
[Date "2016.08.19"]
[Round "8.13"]
[White "Kiselev, Pavel"]
[Black "Franca, Veronika"]
[Result "1-0"]
[WhiteElo "2295"]
[BlackElo "1991"]
[PlyCount "59"]
[EventDate "2016.08.13"]
[EventType "swiss"]
[EventRounds "9"]
[EventCountry "CRO"]
[SourceTitle "Ajedrez en Madrid"]
[Source "lmi"]
[SourceDate "2016.08.13"]
[SourceVersion "1"]
[SourceVersionDate "2018.03.10"]
[SourceQuality "1"]

1. d4 Nf6 2. Nf3 e6 3. Bf4 c5 4. c3 Nc6 5. e3 d5 6. Nbd2 Be7 7. Bd3 O-O 8. Ne5
Nd7 9. Qh5 g6 10. Qh6 Ncxe5 11. dxe5 Re8 12. Nf3 Bf8 13. Qh3 Bg7 14. Qg3 Qb6
15. O-O-O c4 16. Bb1 Qc5 17. h4 h5 18. Ng5 Re7 19. e4 Qa5 20. exd5 exd5 21. e6
fxe6 22. Bd6 Re8 23. Bxg6 Nf6 24. Bf7+ Kh8 25. Bxe8 Nxe8 26. Be5 Bxe5 27. Qxe5+
Ng7 28. Rh3 Bd7 29. Rg3 Rg8 30. Nf7+ 1-0

[Event "Split Open 2016"]
[Site "Split CRO"]
[Date "2016.08.19"]
[Round "8.16"]
[White "Aroven, Mikael"]
[Black "Šaric, Ante"]
[Result "0-1"]
[WhiteElo "2112"]
[BlackElo "2562"]
[PlyCount "60"]
[EventDate "2016.08.13"]
[EventType "swiss"]
[EventRounds "9"]
[EventCountry "CRO"]
[SourceTitle "Ajedrez en Madrid"]
[Source "lmi"]
[SourceDate "2016.08.13"]
[SourceVersion "1"]
[SourceVersionDate "2018.03.10"]
[SourceQuality "1"]

1. e4 c5 2. Nf3 d6 3. d3 Nc6 4. g3 g6 5. Bg2 Bg7 6. O-O e5 7. a4 Nge7 8. Na3
O-O 9. c3 h6 10. Bd2 Be6 11. b4 Rc8 12. b5 Nb8 13. Qe2 Qd7 14. Rfe1 Rce8 15.
Nc4 f5 16. exf5 Nxf5 17. Rac1 g5 18. Bxg5 hxg5 19. Nxg5 Bh6 20. Nxe6 Rxe6 21.
Rcd1 Ref6 22. Qg4+ Kh8 23. Bd5 b6 24. Ra1 Ne7 25. Qe4 Nxd5 26. Qxd5 Rxf2 27.
Rf1 Qf5 28. Rxf2 Qxf2+ 29. Kh1 Qe2 30. Qe4 Rf1+ 0-1

[Event "Split Open 2016"]
[Site "Split CRO"]
[Date "2016.08.19"]
[Round "8.17"]
[White "Simic, Vladica"]
[Black "Srbiš, Jurica"]
[Result "0-1"]
[WhiteElo "2093"]
[BlackElo "2426"]
[PlyCount "53"]
[EventDate "2016.08.13"]
[EventType "swiss"]
[EventRounds "9"]
[EventCountry "CRO"]
[SourceTitle "Ajedrez en Madrid"]
[Source "lmi"]
[SourceDate "2016.08.13"]
[SourceVersion "1"]
[SourceVersionDate "2018.03.10"]
[SourceQuality "1"]

1. e4 e5 2. Nf3 Nc6 3. Bb5 a6 4. Bxc6 dxc6 5. Nc3 f6 6. d4 exd4 7. Qxd4 Qxd4 8.
Nxd4 Bd7 9. Be3 Bb4 10. Nde2 O-O-O 11. O-O-O Ne7 12. a3 Bd6 13. Nd4 Rhe8 14.
Nb3 Be6 15. Nd4 Bf7 16. g4 c5 17. Nf5 Nxf5 18. gxf5 Bh5 19. Rd2 Bf3 20. Rg1 Rd7
21. h3 b5 22. Kb1 b4 23. Na4 Bxe4 24. Bxc5 b3 25. Nb6+ cxb6 26. Bxd6 Red8 27.
Rgd1 0-1

[Event "Split Open 2016"]
[Site "Split CRO"]
[Date "2016.08.19"]
[Round "8.21"]
[White "Maar, Samuel"]
[Black "Blazeka, Matej"]
[Result "0-1"]
[WhiteElo "1998"]
[BlackElo "2275"]
[PlyCount "70"]
[EventDate "2016.08.13"]
[EventType "swiss"]
[EventRounds "9"]
[EventCountry "CRO"]
[SourceTitle "Ajedrez en Madrid"]
[Source "lmi"]
[SourceDate "2016.08.13"]
[SourceVersion "1"]
[SourceVersionDate "2018.03.10"]
[SourceQuality "1"]

1. e4 d5 2. exd5 Qxd5 3. Nc3 Qd6 4. d4 c6 5. Nf3 Nf6 6. Bc4 Bg4 7. Be3 Nbd7 8.
O-O e6 9. Re1 Be7 10. Be2 O-O 11. Ne5 Bxe2 12. Rxe2 Nxe5 13. dxe5 Qxe5 14. Bxa7
Qc7 15. Be3 Ng4 16. g3 f5 17. Qd4 Ne5 18. Qb6 Qxb6 19. Bxb6 Bf6 20. f4 Nc4 21.
Bc5 Rfd8 22. Rb1 Kf7 23. h3 b6 24. Bf2 b5 25. g4 b4 26. Nd1 Rxa2 27. g5 Bxb2
28. c3 Ra1 29. Rxa1 Bxa1 30. Bd4 bxc3 31. Ra2 Rxd4 32. Rxa1 c2 33. Nf2 Nb2 34.
Kg2 Rd1 35. Ra7+ Kg6 0-1

[Event "Split Open 2016"]
[Site "Split CRO"]
[Date "2016.08.19"]
[Round "8.22"]
[White "Theodoulidis, Theodoros"]
[Black "Grinblat, Artemiy"]
[Result "1-0"]
[WhiteElo "2069"]
[BlackElo "2176"]
[PlyCount "59"]
[EventDate "2016.08.13"]
[EventType "swiss"]
[EventRounds "9"]
[EventCountry "CRO"]
[SourceTitle "Ajedrez en Madrid"]
[Source "lmi"]
[SourceDate "2016.08.13"]
[SourceVersion "1"]
[SourceVersionDate "2018.03.10"]
[SourceQuality "1"]

1. e4 e6 2. d4 d5 3. Nc3 Nf6 4. e5 Nfd7 5. f4 c5 6. Nf3 Nc6 7. Be3 Be7 8. Qd2
O-O 9. O-O-O c4 10. f5 b5 11. f6 gxf6 12. Bh6 fxe5 13. dxe5 Ndxe5 14. Nxb5 Ng4
15. Bxc4 Nxh6 16. Qxh6 Ne5 17. h4 Ng4 18. Qf4 f5 19. Bb3 Kh8 20. Rhe1 Bf6 21.
Nc7 e5 22. Qb4 a5 23. Qc5 Bb7 24. Nxa8 Qxa8 25. Bxd5 Rc8 26. Bxb7 Qxb7 27. Qd5
Qc7 28. c3 Nf2 29. Qe6 Bg7 30. Nxe5 1-0

[Event "Split Open 2016"]
[Site "Split CRO"]
[Date "2016.08.19"]
[Round "8.27"]
[White "Houska, Jiri"]
[Black "Abrahams, Daniel"]
[Result "1-0"]
[WhiteElo "2216"]
[BlackElo "2065"]
[PlyCount "57"]
[EventDate "2016.08.13"]
[EventType "swiss"]
[EventRounds "9"]
[EventCountry "CRO"]
[SourceTitle "Ajedrez en Madrid"]
[Source "lmi"]
[SourceDate "2016.08.13"]
[SourceVersion "1"]
[SourceVersionDate "2018.03.10"]
[SourceQuality "1"]

1. d4 Nf6 2. c4 e6 3. Nf3 Bb4+ 4. Bd2 a5 5. Nc3 Bxc3 6. Bxc3 Ne4 7. Rc1 d5 8.
e3 Nd7 9. cxd5 exd5 10. Bd3 Ndf6 11. O-O Nxc3 12. bxc3 O-O 13. c4 Bg4 14. cxd5
Nxd5 15. h3 Bh5 16. Be4 c6 17. Qc2 Bxf3 18. Bxf3 Qd7 19. Qb3 Rfd8 20. Bxd5 Qxd5
21. Qxb7 Qxa2 22. Qxc6 a4 23. Ra1 Qb3 24. Rfb1 Qd3 25. Qb5 Qe4 26. Rb4 a3 27.
Rb3 a2 28. Rb2 Qe6 29. Qe2 1-0

[Event "Split Open 2016"]
[Site "Split CRO"]
[Date "2016.08.19"]
[Round "8.31"]
[White "Slamar, Velimir"]
[Black "Šaric, Luka"]
[Result "1-0"]
[WhiteElo "2138"]
[BlackElo "2057"]
[PlyCount "57"]
[EventDate "2016.08.13"]
[EventType "swiss"]
[EventRounds "9"]
[EventCountry "CRO"]
[SourceTitle "Ajedrez en Madrid"]
[Source "lmi"]
[SourceDate "2016.08.13"]
[SourceVersion "1"]
[SourceVersionDate "2018.03.10"]
[SourceQuality "1"]

1. d4 d5 2. c4 e6 3. Nc3 Be7 4. Nf3 Nf6 5. cxd5 exd5 6. Bg5 c6 7. Qc2 g6 8. e3
Bf5 9. Bd3 Bxd3 10. Qxd3 O-O 11. Ne5 Nbd7 12. Nxd7 Nxd7 13. Bf4 Re8 14. O-O Nf8
15. Rad1 Ne6 16. Be5 f6 17. Bg3 Bd6 18. Bh4 Kg7 19. f4 Qc7 20. f5 Bxh2+ 21. Kh1
Ng5 22. Bxg5 fxg5 23. e4 dxe4 24. f6+ Kf8 25. Nxe4 Rxe4 26. Qxe4 Re8 27. Qf3
Qg3 28. f7 Re7 29. Qf6 1-0

[Event "Split Open 2016"]
[Site "Split CRO"]
[Date "2016.08.20"]
[Round "9.1"]
[White "Kozul, Zdenko"]
[Black "Brkic, Ante"]
[Result "1-0"]
[WhiteElo "2619"]
[BlackElo "2577"]
[PlyCount "97"]
[EventDate "2016.08.13"]
[EventType "swiss"]
[EventRounds "9"]
[EventCountry "CRO"]
[SourceTitle "Ajedrez en Madrid"]
[Source "lmi"]
[SourceDate "2016.08.13"]
[SourceVersion "1"]
[SourceVersionDate "2018.03.10"]
[SourceQuality "1"]

1. g3 c5 2. Bg2 Nc6 3. c3 d5 4. d3 g6 5. Nf3 Bg7 6. O-O e6 7. e4 Nge7 8. Be3 d4
9. cxd4 cxd4 10. Bd2 a5 11. a4 O-O 12. Na3 e5 13. Nc4 h6 14. Rc1 Be6 15. h4 Nc8
16. h5 g5 17. Nh2 Nd6 18. b3 Rb8 19. Qe1 Qe7 20. Nxa5 Nxa5 21. Bxa5 Bxb3 22.
Qb4 b6 23. Qxb3 bxa5 24. Qa2 Nb7 25. Bh3 Nc5 26. Qc4 Nb3 27. Rc2 Rb4 28. Qc6
Qb7 29. Qxb7 Rxb7 30. Bc8 Rb4 31. Bd7 Rfb8 32. Ng4 Bf8 33. Nxe5 Nc5 34. Bb5
Nxa4 35. Bc4 Kg7 36. Ra2 R8b6 37. Rfa1 f6 38. Nd7 Rb1+ 39. Rxb1 Rxb1+ 40. Kg2
Rb4 41. e5 Be7 42. exf6+ Bxf6 43. Kf3 Bd8 44. Ra1 Nb2 45. Nc5 Be7 46. Ne6+ Kf6
47. Nxd4 Ra4 48. Rxa4 Nxa4 49. Nb5 1-0

[Event "Split Open 2016"]
[Site "Split CRO"]
[Date "2016.08.20"]
[Round "9.2"]
[White "Martinovic, Saša"]
[Black "Milenkovic, Mladen"]
[Result "1-0"]
[WhiteElo "2560"]
[BlackElo "2338"]
[PlyCount "87"]
[EventDate "2016.08.13"]
[EventType "swiss"]
[EventRounds "9"]
[EventCountry "CRO"]
[SourceTitle "Ajedrez en Madrid"]
[Source "lmi"]
[SourceDate "2016.08.13"]
[SourceVersion "1"]
[SourceVersionDate "2018.03.10"]
[SourceQuality "1"]

1. d4 Nf6 2. c4 e6 3. Nc3 Bb4 4. Qc2 c5 5. dxc5 Na6 6. a3 Bxc3+ 7. Qxc3 Nxc5 8.
b4 Na4 9. Qc2 b5 10. cxb5 Nb6 11. Nf3 Bb7 12. e3 Rc8 13. Qd1 O-O 14. Bb2 d6 15.
Be2 e5 16. O-O Qd7 17. a4 Qg4 18. h3 Qg6 19. Rc1 Rxc1 20. Bxc1 Ne4 21. Bd3 f5
22. a5 Nd5 23. Bc4 Nec3 24. Qb3 Kh8 25. Bd2 Nf4 26. Nh4 Nxh3+ 27. Kh2 Qh5 28.
gxh3 Qxh4 29. Qxc3 Rc8 30. f4 d5 31. Qxe5 dxc4 32. Bc3 Rg8 33. Qd4 Qh5 34. Qd1
Qe8 35. Rg1 h6 36. Qd4 Qe7 37. Qxa7 Qe4 38. Qd4 Qf3 39. Qd2 Kh7 40. a6 Be4 41.
Qg2 Qxg2+ 42. Rxg2 g5 43. b6 Kg6 44. b7 1-0

[Event "Split Open 2016"]
[Site "Split CRO"]
[Date "2016.08.20"]
[Round "9.4"]
[White "Jaracz, Pawel"]
[Black "Kiselev, Pavel"]
[Result "1-0"]
[WhiteElo "2477"]
[BlackElo "2295"]
[PlyCount "58"]
[EventDate "2016.08.13"]
[EventType "swiss"]
[EventRounds "9"]
[EventCountry "CRO"]
[SourceTitle "Ajedrez en Madrid"]
[Source "lmi"]
[SourceDate "2016.08.13"]
[SourceVersion "1"]
[SourceVersionDate "2018.03.10"]
[SourceQuality "1"]

1. e4 c5 2. Nf3 e6 3. d4 cxd4 4. Nxd4 Nc6 5. Nc3 d6 6. g4 Nge7 7. Be3 a6 8. Nb3
Ng6 9. g5 b5 10. h4 Nge5 11. f4 Nc4 12. Bxc4 bxc4 13. Nd4 Qc7 14. Qe2 Nxd4 15.
Bxd4 h6 16. O-O-O hxg5 17. hxg5 Rxh1 18. Rxh1 Bb7 19. Qf2 Bc6 20. Rh8 Kd7 21.
Rh7 Qb7 22. Qe3 Rb8 23. b3 cxb3 24. axb3 d5 25. Bxg7 Ba3+ 26. Kb1 Qa8 27. exd5
exd5 28. g6 Kc7 29. Bf6 Be8 1-0

[Event "Split Open 2016"]
[Site "Split CRO"]
[Date "2016.08.20"]
[Round "9.5"]
[White "Plenca, Julijan"]
[Black "Aronsson, Marten"]
[Result "1-0"]
[WhiteElo "2410"]
[BlackElo "2317"]
[PlyCount "156"]
[EventDate "2016.08.13"]
[EventType "swiss"]
[EventRounds "9"]
[EventCountry "CRO"]
[SourceTitle "Ajedrez en Madrid"]
[Source "lmi"]
[SourceDate "2016.08.13"]
[SourceVersion "1"]
[SourceVersionDate "2018.03.10"]
[SourceQuality "1"]

1. e4 e5 2. Nf3 Nc6 3. Nc3 Nf6 4. d4 exd4 5. Nxd4 Bb4 6. Nxc6 bxc6 7. Bd3 d5 8.
exd5 cxd5 9. O-O O-O 10. a3 Be7 11. Bg5 c6 12. Re1 h6 13. Bh4 Re8 14. Qd2 Be6
15. Ne2 Ng4 16. Bg3 Bh4 17. Nd4 Bxg3 18. hxg3 Qb6 19. b4 c5 20. bxc5 Qxc5 21.
Qb4 Qxb4 22. axb4 Reb8 23. Bb5 Bc8 24. Re8+ Kh7 25. Re7 Rb7 26. Re8 Rbb8 27.
Bc6 Bb7 28. Rxb8 Rxb8 29. Rxa7 Bxc6 30. Nxc6 Rb6 31. Rc7 Nf6 32. Ne5 Rxb4 33.
f3 Rb2 34. Nxf7 d4 35. Rc5 Nd7 36. Rc6 Nf6 37. Nd6 Nd5 38. Nf5 Rb4 39. Rd6 Ne3
40. Nxd4 Rc4 41. Rd7 Kg6 42. g4 Kf6 43. Kf2 Nxc2 44. Nf5 h5 45. Nd6 Rd4 46.
Ne4+ Kg6 47. gxh5+ Kxh5 48. Rxg7 Kh6 49. Rg8 Ra4 50. g4 Nd4 51. Kg3 Ne6 52. Rb8
Ra6 53. Rb7 Kg6 54. Rd7 Ra3 55. Rd6 Kf7 56. g5 Ra1 57. Kg4 Rf1 58. Ng3 Rg1 59.
f4 Ng7 60. Ra6 Rg2 61. f5 Ne8 62. Ra7+ Kf8 63. Kf3 Rb2 64. Ne4 Rb3+ 65. Kf4 Rb4
66. Rd7 Ng7 67. g6 Ne8 68. Rd8 Ke7 69. Rxe8+ Kxe8 70. f6 Kf8 71. Kf5 Rb6 72.
Ng5 Rb5+ 73. Kg4 Rb8 74. Ne6+ Ke8 75. Kh5 Rb7 76. Ng5 Kf8 77. Kh6 Ra7 78. g7+
Kg8 1-0

[Event "Split Open 2016"]
[Site "Split CRO"]
[Date "2016.08.20"]
[Round "9.7"]
[White "Armanda, Ivica"]
[Black "Niccoli, Tony"]
[Result "1-0"]
[WhiteElo "2335"]
[BlackElo "2037"]
[PlyCount "121"]
[EventDate "2016.08.13"]
[EventType "swiss"]
[EventRounds "9"]
[EventCountry "CRO"]
[SourceTitle "Ajedrez en Madrid"]
[Source "lmi"]
[SourceDate "2016.08.13"]
[SourceVersion "1"]
[SourceVersionDate "2018.03.10"]
[SourceQuality "1"]

1. e4 e5 2. Nf3 Nc6 3. Bc4 Bc5 4. c3 Nf6 5. d3 a6 6. O-O d6 7. Bb3 Ba7 8. Nbd2
O-O 9. Re1 h6 10. Nf1 Re8 11. Ng3 Be6 12. h3 Bxb3 13. axb3 d5 14. Qe2 dxe4 15.
dxe4 Qe7 16. Nh4 Qe6 17. Nhf5 Ne7 18. Nxe7+ Rxe7 19. Nf5 Rd7 20. Qf3 Kh7 21.
Qg3 Rg8 22. Qh4 Ne8 23. Ra5 g5 24. Qg3 f6 25. Qf3 Nd6 26. Ng3 g4 27. hxg4 Qxg4
28. Qxg4 Rxg4 29. Kf1 Rg8 30. Ke2 Rdg7 31. Rh1 Rg6 32. Ra4 Rf8 33. Nf5 Nf7 34.
g3 Rd8 35. Ra1 Nd6 36. Nxh6 Kg7 37. Nf5+ Kf8 38. Rh8+ Rg8 39. Rxg8+ Kxg8 40.
Nxd6 Rxd6 41. Be3 Bxe3 42. Kxe3 Kf7 43. Rh1 Kg6 44. b4 Rd8 45. f4 c6 46. f5+
Kg7 47. g4 Rd7 48. g5 fxg5 49. Rh5 Rd1 50. Rxg5+ Kf7 51. Rg2 Re1+ 52. Re2 Rd1
53. Rh2 Rc1 54. Kd3 Rd1+ 55. Ke2 Rb1 56. Rh7+ Kf6 57. Rxb7 Rxb2+ 58. Kd3 a5 59.
Rb6 a4 60. Ra6 Ra2 61. Rxc6+ 1-0